000 00577nam a22001697a 4500
003 OSt
005 20260217104943.0
008 260217b |||||||| |||| 00| 0 eng d
040 _cMRSPTU
041 _aEnglish
100 _aAbhishek Sharma, Supervisor: Dr. Bal Krishan
245 _aComparison of Destructive and Non Destructive Methods Used to Determine Compressive Strength of Concrete
260 _bDepartment of Civil Engg. MRSPTU, Bathinda
_c2019
650 _aCivil Engineering
856 _uhttp://163.47.215.52:8080/jspui/handle/123456789/190
942 _2ddc
_cTH
_n0
999 _c10917
_d10917